[Event "FIDE Women's World Teams"]
[Site "Mardin TUR"]
[Date "2011.12.18"]
[Round "1.8"]
[White "Zhang, Xiaowen"]
[Black "Patel, Yesim"]
[Result "1-0"]
[WhiteElo "2364"]
[BlackElo "1832"]
[PlyCount "95"]
[EventDate "2011.12.18"]
[WhiteTeam "China"]
[BlackTeam "Turkey"]
[WhiteTeamCountry "CHN"]
[BlackTeamCountry "TUR"]

1. e4 c5 2. Nf3 Nc6 3. Bb5 g6 4. O-O Bg7 5. c3 e5 6. Re1 d6 7. h3 Nge7 8. d3
O-O 9. Nbd2 h6 10. a3 Qc7 11. Bc4 a5 12. a4 Kh7 13. Nf1 f5 14. exf5 Bxf5 15.
Ne3 Bd7 16. Bb3 Be8 17. Ng4 Nf5 18. Be3 Bf7 19. Bc2 Nxe3 20. fxe3 d5 21. e4
dxe4 22. dxe4 Bc4 23. Ne3 Rad8 24. Nd5 Bxd5 25. exd5 Ne7 26. c4 Nf5 27. Ra3 Nd4
28. Nh4 Rd6 29. Be4 Rf4 30. Nf3 Rb6 31. Qd2 Rb4 32. Nxd4 cxd4 33. Rg3 Rxc4 34.
Bxg6+ Kh8 35. Bd3 Rf8 36. Bxc4 Qxc4 37. Qxa5 Qc2 38. Kh2 d3 39. Qb4 d2 40. Qg4
Rg8 41. Rf1 e4 42. Rf6 Qc8 43. Qf4 Qd7 44. Qxd2 Kh7 45. Re6 Qxa4 46. Qf4 Qd4
47. Qf7 e3 48. Rxh6+ 1-0

[Event "FIDE Women's World Teams"]
[Site "Mardin TUR"]
[Date "2011.12.19"]
[Round "2.4"]
[White "Kaplan, Ebru"]
[Black "Soumya, Swaminathan"]
[Result "0-1"]
[WhiteElo "1849"]
[BlackElo "2302"]
[PlyCount "58"]
[EventDate "2011.12.18"]
[WhiteTeam "Turkey"]
[BlackTeam "India"]
[WhiteTeamCountry "TUR"]
[BlackTeamCountry "IND"]

1. e4 c5 2. Nf3 d6 3. Bb5+ Nc6 4. d4 cxd4 5. Qxd4 Bd7 6. Bxc6 Bxc6 7. c4 Nf6 8.
Nc3 g6 9. O-O Bg7 10. Qd3 O-O 11. Rb1 a6 12. b4 b6 13. Bb2 Nd7 14. Nd5 Bxb2 15.
Rxb2 b5 16. Nd4 Ne5 17. Qh3 bxc4 18. Nxc6 Nxc6 19. Ne3 c3 20. Rb3 Nd4 21. Ra3
Rc8 22. Qh6 f6 23. f4 c2 24. Nf5 Nxf5 25. exf5 Qb6+ 26. Kh1 c1=Q 27. Raf3 Rf7
28. h4 Rg7 29. Kh2 gxf5 0-1

[Event "FIDE Women's World Teams"]
[Site "Mardin TUR"]
[Date "2011.12.20"]
[Round "3.8"]
[White "Soumya, Swaminathan"]
[Black "Van Niekerk, Lauren"]
[Result "1-0"]
[WhiteElo "2302"]
[BlackElo "1607"]
[PlyCount "53"]
[EventDate "2011.12.18"]
[WhiteTeam "India"]
[BlackTeam "South Africa"]
[WhiteTeamCountry "IND"]
[BlackTeamCountry "RSA"]

1. e4 c5 2. Nf3 e6 3. d4 cxd4 4. Nxd4 a6 5. Nc3 Qc7 6. Bd3 Bc5 7. Nb3 Ba7 8.
Qg4 g6 9. Bf4 d6 10. Qg3 e5 11. Nd5 Qd8 12. Bxe5 dxe5 13. Qxe5+ Kf8 14. Qxh8 h6
15. O-O-O Nc6 16. f4 Be6 17. Be2 Rc8 18. Kb1 Bb8 19. g4 Nce7 20. Nf6 Qc7 21.
Nd4 Bd7 22. Nh7+ Ke8 23. Nf6+ Kf8 24. Nh7+ Ke8 25. Qg7 Kd8 26. Qf8+ Be8 27.
Ne6# 1-0